00377nam a2200109Ia 4500008004100000020002200041082001600063100003800079245009000117260004800207300001200255191014s9999 xx 000 0 und d a978-981-4374-53-8 a530.11bDAM aThibault Damous, Robert T Jantzen 0aProceedings of the Thirteenth Marcel Grossmann Meeting on General Relativity (Part B) aNew JerseybWorld Scientific Company c2012 aLx,1579